00604nam a2200205Ia 4500001000700000003000500007008004100012010001100053040000900064082001100073100002000084245011900104260003400223300001900257440000500276500000500281503001100286650002800297650007300325Z_1221CHAP220113s1987 xx 000 0 und d a164309 cCHAP a631 C3 aCastle, Emery W aFarm business management: the decision-making process /cby Emery N. Castle, Manning H. Becker and A. Gene Nelson aNew York :bMacmillan,c1987 a413 p. ; ilus. a a a160976 aAdministración rural  aToma de decisiones I. Becker, Manning H. II. Nelson, A. Gene III. t.